Hoàn thành Finish :Kết thúc những gì bạn đã bắt đầu

Đưa ra những lời khuyên dễ áp dụng để giúp chúng ta có thể chiến thắng bóng ma của những mục tiêu còn dang dở, giải pháp chia đôi mục tiêu, chọn điểm loại bỏ, hãy vui vẻ nếu muốn mọi sự suôn sẻ, rời khỏi nơi ẩn náu và vượt qua những chu...

Celý popis

Uloženo v:
Podrobná bibliografie
Hlavní autor: Acuff, Jon
Další autoři: Nguyệt Minh
Médium: Kniha
Jazyk:Undetermined
Vydáno: H. Thanh niên 2020
Témata:
On-line přístup:http://lrc.tdmu.edu.vn/opac/search/detail.asp?aID=2&ID=41334
Tagy: Přidat tag
Žádné tagy, Buďte první, kdo otaguje tento záznam!
Thư viện lưu trữ: Trung tâm Học liệu Trường Đại học Thủ Dầu Một
LEADER 01125nam a2200229Ia 4500
001 TDMU_41334
008 210410s9999 xx 000 0 und d
082 |a 332.178 
090 |b A102 
100 |a Acuff, Jon 
245 0 |a Hoàn thành 
245 0 |b Finish :Kết thúc những gì bạn đã bắt đầu 
245 0 |c Jon Acuff ; Nguyệt Minh dịch 
260 |a H. 
260 |b Thanh niên 
260 |c 2020 
300 |a 259tr. 
520 |a Đưa ra những lời khuyên dễ áp dụng để giúp chúng ta có thể chiến thắng bóng ma của những mục tiêu còn dang dở, giải pháp chia đôi mục tiêu, chọn điểm loại bỏ, hãy vui vẻ nếu muốn mọi sự suôn sẻ, rời khỏi nơi ẩn náu và vượt qua những chướng ngại cao quý đang cản đường 
650 |a Hoàn thành  |x Khía cạnh kinh tế 
700 |a Nguyệt Minh 
856 |u http://lrc.tdmu.edu.vn/opac/search/detail.asp?aID=2&ID=41334 
980 |a Trung tâm Học liệu Trường Đại học Thủ Dầu Một